Buat duit dengan affiliate

Bibliographic Details
Main Author: Azahar Abdul Rahman
Format: Book
Published: Kuala Lumpur : PTS Professional Publishing , 2009
Series:Bisnes & pengurusan ; siri internet marketing
Subjects:

MARC

LEADER 00000cam a2200000 7i4500
001 0000028389
005 20100812.0
008 091204
020 |a 9675226380 
090 0 0 |a 658.872   |b AZA 
100 0 |a Azahar Abdul Rahman 
245 1 0 |a Buat duit dengan affiliate   |c Azahar Abdul Rahman 
260 |a Kuala Lumpur :   |b PTS Professional Publishing ,   |c 2009 
440 |a Bisnes & pengurusan ; siri internet marketing 
650 0 |a Electronic commerce 
650 0 |a Internet marketing 
999 |a 0001073084   |b Book   |c Adult Collection   |e Perbadanan Perpustakaan Awam Johor 
999 |a 0001225492   |b Book   |c Adult Collection   |e Cawangan Batu Pahat 
999 |a 0001225493   |b Book   |c Adult Collection   |e Cawangan Bandar Penawar 
999 |a 0001225494   |b Book   |c Adult Collection   |e Cawangan Muar 
999 |a 0001225495   |b Book   |c Adult Collection   |e Cawangan Tangkak 
999 |a 0001225496   |b Book   |c Adult Collection   |e Cawangan Bukit Gambir 
999 |a 0001225497   |b Book   |c Adult Collection   |e Cawangan Segamat 
999 |a 0001225498   |b Book   |c Adult Collection   |e Cawangan Tmn. Ungku Tun Aminah 
999 |a 0001225500   |b Book   |c Adult Collection   |e Cawangan Pontian 
999 |a 0001225501   |b Book   |c Adult Collection   |e Cawangan Bandar Tenggara 
999 |a 0001225502   |b Book   |c Adult Collection   |e Cawangan Kota Tinggi 
999 |a 0001225503   |b Book   |c Adult Collection   |e Cawangan Mersing 
999 |a 0001225504   |b Book   |c Adult Collection   |e Cawangan Bandar Tenggara 
999 |a 0001262461   |b Book   |c Adult Collection   |e Cawangan AEON Kulaijaya